| 000 | 00000nas##2200000za#4500 |
| 001 | 9.500696 |
| 003 | CaOODSP |
| 005 | 20250403104647 |
| 007 | cr ||||||||||| |
| 008 | 150406c1989||||xxc|| m o||||f| |0fre|d |
| 040 | |aCaOODSP|bfre |
| 041 | |aeng |
| 041 | |afre |
| 043 | |an-cn--- |
| 086 | 1 |aCS98-1989-PDF |
| 245 | 00|aSérie d'atlas métropolitains |h[ressource électronique] |
| 246 | 1 |iDeuxième titre de série imprimé sur la couverture : |aRecensement Canada 1986 |
| 260 | |aOttawa - Ontario : |bStatistique Canada |c1989. |
| 310 | |aIrrégulier |
| 500 | |aPublication du recensement historique numérisé par Statistique Canada. |
| 691 | 07|aCarte démographique|2gcpds |
| 691 | 07|aDonnées du recensement|2gcpds |
| 710 | 2 |aStatistique Canada. |
| 791 | |tMetropolitan atlas series |eeng|w(CaOODSP)9.500695 |